00669nam a2200229 a 4500001001300000003000900013005001700022008004100039020001000080082001500090100001800105245006500123260003300188300000900221500003500230650001100265700001800276902000800294942000700302952011500309999001500424nice12345678IN_TiNIC20260116011451.0070607s1955 para grp 000 0 fre  ac10000a297.4bBOU aBousquet, G H aIhya Ulum Al-Dinbghazali Virification Der Science De La Foi aParis bNo Publishers c1955 a466p aincludes index and biblioraphy aSufism1 aBousquet, G H bSRS cBK 001040708StackRoom-aHMIbHMId2007-09-27g100.00l0o297.4 BOUp00216r2007-09-27v100.00w2007-06-07yBK c1803d1803